000 00882nam0a22002651 4500
001 rc\4093082
005 20250611085914.0
021 _aRU
_b[48-17838]
035 _a(NLR Aleph) 008133803
090 _a9440752
_c9440752
100 _a20130415d1948 |||y0rusy50 ca
101 0 _arus
102 _aRU
105 _ay z |||||
200 1 _aИсполнение бюджета района
_eПракт. пособие
210 _aМосква
_cГосфиниздат
_d1948
_gтип. им. Котлякова в Л.
215 _a148 с.
_d22
300 _aПеред загл. авт.: С.С. Глезин
606 _aБюджеты районные
_xИсполнение
_2psbo
700 1 _aГлезин
_bС.С.
_gСамуил Соломонович
801 0 _aRU
_bNLR
_gpsbo
801 1 _aRU
_bELAR
_2rusmarc
852 _aNLR
_jЭк64 Г-5/46
942 _cBOOK
980 _aNB